Bilecik Bilecik Bilecik Bilecik Bilecik

Kendi hayatının şiirini yazanlar : (Record no. 30284)

MARC details
000 -BAŞLIK
Sabit Uzunluktaki Kontrol Alanı 01423nam a22003737a 4500
001 - KONTROL NUMARASI
Control Dosyası 0030364
003 - KONTROL NUMARASI KİMLİĞİ
Kontrol Alanı KOHA_MİRAKIL
005 - EN SON İŞLEM TARİHİ ve ZAMANI
Kontrol Alanı 20260207002726.0
007 - FİZİKSEL TANIM SABİT ALAN - GENEL BİLGİ
Sabit uzunluklu kontrol alanı ta
008 - SABİT UZUNLUKTAKİ VERİ ÖGELERİ - GENEL BİLGİ
Sabit Alan 110610b1993 tu |||gr||||#||||1|tur |
020 ## - ISBN - ULUSLARARASI STANDART KİTAP NUMARASI
Isbn 9754580219
Kullanılabilirlik koşulları 0,01
040 ## - KATALOGLAMA KAYNAĞI
Özgün Kataloglama Kurumu TR-BiSEU
Kataloglama Dili tur
Çeviri Kurumu TR-BiSEU
Açıklama Kuralları rda
041 0# - DİL KODU
Metin ya da ses kaydının dil kodu tur
044 ## - YAYINLAYAN/ÜRETEN KURULUŞUN ÜLKE KODU
ISO country code tu
050 ## - SINIFLAMA ve YER NUMARASI
Sınıflama Numarası PN514
Yer Numarası .Z84 1993
100 1# - KİŞİ ADI
Yazar Adı (Kişi adı) Zweig, Stefan.
245 1# - ESER ADI BİLDİRİMİ
Başlık Kendi hayatının şiirini yazanlar :
Alt Eseradı vb. Casanova, Stendhal, Tolstoy/
Sorumluluk Bildirimi Stefan Zweig ; Stefan Zweig; çeviren Ayda Yörükân.
264 #1 - ÜRERİM, YAYIN, DAĞITIM ve TELİF BİLDİRİMİ
Yayın yeri İstanbul :
Yayınlayan Türkiye İş Bankası Kültür Yayınları
Yayın tarihi 1993
300 ## - FİZİKSEL TANIMLAMA
Sayfa, Cilt vb. XXI, 392 s.
336 ## - İÇERİK TÜRÜ
Content type term metin
Content type code txt
Source rdacontent
337 ## - MEDYA TÜRÜ
Media type term aracısız
Media type code n
Source rdamedia
338 ## - TAŞIYICI TÜRÜ
Carrier type term cilt
Carrier type code nc
Source rdacarrier
490 1# - DİZİ BİLDİRİMİ
Dizi Bildirimi Türkiye İş Bankası Kültür yayınları genel yayın ;
Cilt Numarası no.
490 1# - DİZİ BİLDİRİMİ
Dizi Bildirimi 305.
490 1# - DİZİ BİLDİRİMİ
Dizi Bildirimi Ünlü kişiler dizisi ;
Cilt Numarası 12
500 ## - GENEL NOT
Genel Not Özgün adı Drei Dichter İhres Lebens olan yapıtın Fransızca baskısından (Trais poetes de leur vie: Stendhal, Casanova, Tolstoy) çeviri.
650 #0 - KONU BAŞLIĞI EK GİRİŞ - KONU TERİMİ
Konusal terim veya coğrafi ad Stendhal, 1783-1842.
9 (RLIN) 45767
650 #0 - KONU BAŞLIĞI EK GİRİŞ - KONU TERİMİ
Konusal terim veya coğrafi ad Casanova, Giovanni Giacomo, 1725-1798.
9 (RLIN) 45768
650 #0 - KONU BAŞLIĞI EK GİRİŞ - KONU TERİMİ
Konusal terim veya coğrafi ad Tolstoy, Lev Nikolayeviç, graf., 1828-1910.
9 (RLIN) 45769
830 1# - SERİ EK GİRİŞİ - TEKBİÇİM ESER ADI
Tekbiçim Başlık Türkiye İş Bankası Kültür yayınları genel yayın ;
Volume number/sequential designation no.
9 (RLIN) 6398
830 1# - SERİ EK GİRİŞİ - TEKBİÇİM ESER ADI
Tekbiçim Başlık 305.
9 (RLIN) 45770
830 1# - SERİ EK GİRİŞİ - TEKBİÇİM ESER ADI
Tekbiçim Başlık Ünlü kişiler dizisi ;
Volume number/sequential designation 12
9 (RLIN) 32399
942 ## - EK GİRİŞ ÖGELERİ (KOHA)
Source of classification or shelving scheme Library of Congress Classification
Koha item type Book
Holdings
Materyal Türü Kalıcı Konum Mevcut Konum Raf Yeri Sınıflandırma Kaynağı Edinim Bilgisi Ana Konular Alt Konular Yer Numarası Demirbaş Numarası Fatura Tarihi Geri Çekilme Durumu Kayıp Durumu Hasarlı Durumu Kredi için değil Kayıt Tarih Toplam Ödünçverme Son Görülme Tarihi Son Kontrol Tarihi Genel / Bağış Notu
Book Prof. Dr. Azmi Özcan Kütüphanesi Prof. Dr. Azmi Özcan Kütüphanesi Birûni Salonu Library of Congress Classification Bağış DİL VE EDEBİYAT Edebiyat (Genel) PN514 .Z84 1993 0030364 02/02/2026         10/06/2011 2 05/12/2024 05/12/2024 Fuat Yavuz